Los suelos de la provincia de Zamora / (Record no. 148922)

MARC details
000 -LEADER
campo de control de longitud fija 00777nam a2200205 i 4500
001 - NÚMERO DE CONTROL
campo de control 148922
003 - IDENTIFICADOR DE NÚMERO DE CONTROL
campo de control ES-MaACL
005 - FECHA Y HORA DE LA ÚLTIMA TRANSACCIÓN
campo de control 20230906202855.0
007 - CAMPO FIJO DE DESCRIPCIÓN FÍSICA--INFORMACIÓN GENERAL
campo de control de longitud fija t|
008 - DATOS DE LONGITUD FIJA--INFORMACIÓN GENERAL
campo de control de longitud fija 070214s1964 sp r ||||1| spa d
080 ## - NÚMERO DE LA CLASIFICACIÓN DECIMAL UNIVERSAL
Número de la Clasificación Decimal Universal 631.4(460.184)
245 04 - MENCIÓN DEL TÍTULO
Título Los suelos de la provincia de Zamora /
Mención de responsabilidad, etc. Instituto de Edafología y Biología Vegetal.
260 ## - PUBLICACIÓN, DISTRIBUCIÓN, ETC.
Lugar de publicación, distribución, etc. Salamanca :
Nombre del editor, distribuidor, etc. Instituto de Orientación y Asistencia Técnica del Oeste,
Fecha de publicación, distribución, etc. 1964.
300 ## - DESCRIPCIÓN FÍSICA
Extensión 89 p., 4 lám. :
Otras características físicas il. ;
Dimensiones 22 cm.
594 ## - Nota al título y mención de responsabilidad
Nota al título y mención de responsabilidad Precede al tít.: Diputación Provincial de Zamora.
650 #4 - PUNTO DE ACCESO ADICIONAL DE MATERIA--TÉRMINO DE MATERIA
Término de materia o nombre geográfico como elemento de entrada Suelos-
Subdivisión geográfica Zamora (Provincia)
9 (RLIN) 176364
710 2# - ENTRADA AGREGADA--NOMBRE DE ENTIDAD CORPORATIVA
Nombre de entidad corporativa o nombre de jurisdicción como elemento de entrada Instituto de Edafología y Biología Vegetal.
9 (RLIN) 4868
710 2# - ENTRADA AGREGADA--NOMBRE DE ENTIDAD CORPORATIVA
Nombre de entidad corporativa o nombre de jurisdicción como elemento de entrada Instituto de Orientación y Asistencia Técnica del Oeste.
9 (RLIN) 4990
852 4# - LOCALIZACIÓN
Ubicación ES-MaACL
Número de control de estantería C-26258
Holdings
Estatus retirado Estado de pérdida Estado de daño No para préstamo Biblioteca de origen Biblioteca actual Ubicación en estantería Fecha de adquisición Fuente de adquisición Total de préstamos Signatura topográfica completa Código de barras Visto por última vez Precio de reemplazo Tipo de ítem Koha
        Biblioteca del Ateneo de Madrid Biblioteca del Ateneo de Madrid Depósito 2 17/01/2008     C-26258 1155406 23/02/2023 23/02/2023 Libro impreso